[Event "SF Essen-Katernberg  1 - SV Mülheim-Nor"]
[Site "Oberliga NRW 2017/2018"]
[Date "2018.02.18"]
[Round "6.3"]
[White "Buckels, Valentin"]
[Black "Rosen, Bernd"]
[Result "1/2-1/2"]
[WhiteElo "2314"]
[BlackElo "2245"]
[PlyCount "60"]
[EventDate "2018.??.??"]
[WhiteTeam "SV Mülheim-Nord 2"]
[BlackTeam "SF Essen-Katernberg  1"]

1. d4 c5 2. d5 Nf6 3. c4 e5 4. Nc3 d6 5. e4 Nbd7 6. g3 g6 7. Bg2 Bg7 8. Nge2
O-O 9. O-O Ne8 10. Be3 f5 11. Qd2 Ndf6 12. f3 Bd7 13. a3 Rc8 14. Rfb1 b6 15. b4
cxb4 16. axb4 Rxc4 17. Rxa7 fxe4 18. Nxe4 Nxe4 19. fxe4 Nf6 20. Qd3 b5 21. h3
Qb8 22. Kh2 Rfc8 23. Qa3 Be8 24. Rc1 Rxc1 25. Nxc1 Rc2 26. Qa6 Qc8 27. Qxd6
Rxg2+ 28. Kxg2 Qc2+ 29. Kg1 Qd1+ 30. Kg2 Qc2+ 1/2-1/2

[Event "SF Essen-Katernberg  1 - SV Mülheim-Nor"]
[Site "Oberliga NRW 2017/2018"]
[Date "2018.02.18"]
[Round "6.4"]
[White "Wessendorf, Thomas"]
[Black "van Osch, Mees"]
[Result "1/2-1/2"]
[WhiteElo "2172"]
[BlackElo "2265"]
[PlyCount "53"]
[EventDate "2018.??.??"]
[WhiteTeam "SF Essen-Katernberg  1"]
[BlackTeam "SV Mülheim-Nord 2"]

1. e4 e6 2. d4 d5 3. Nd2 Nc6 4. Ngf3 Nf6 5. e5 Nd7 6. Be2 f6 7. exf6 Qxf6 8.
Nf1 Bd6 9. Ne3 O-O 10. O-O Qg6 11. c4 Nf6 12. g3 Bd7 13. c5 Be7 14. Ng2 Ne4 15.
Bf4 b6 16. cxb6 cxb6 17. Ne5 Qe8 18. Rc1 Nxe5 19. Bxe5 Bg5 20. Nf4 Rc8 21. Qd3
Rxc1 22. Rxc1 Bxf4 23. gxf4 Qg6+ 24. Kf1 Qh6 25. Kg2 Qg6+ 26. Kf1 Qh6 27. Kg2
1/2-1/2

[Event "SF Essen-Katernberg  1 - SV Mülheim-Nor"]
[Site "Oberliga NRW 2017/2018"]
[Date "2018.02.18"]
[Round "6.5"]
[White "Kahleys, Kevin"]
[Black "Kueppers, Timo"]
[Result "1-0"]
[WhiteElo "2185"]
[BlackElo "2148"]
[PlyCount "51"]
[EventDate "2018.??.??"]
[WhiteTeam "SV Mülheim-Nord 2"]
[BlackTeam "SF Essen-Katernberg  1"]

1. d4 Nf6 2. Nf3 g6 3. g3 Bg7 4. Bg2 O-O 5. O-O d6 6. c4 Nc6 7. Nc3 a6 8. b3
Rb8 9. Bb2 b5 10. cxb5 axb5 11. Rc1 b4 12. Na4 Na5 13. Qc2 c6 14. e4 Ba6 15.
Rfe1 Bb5 16. e5 Nd5 17. Ng5 Bxa4 18. bxa4 Nb6 19. e6 f5 20. Nf7 Qe8 21. d5 Rxf7
22. exf7+ Qxf7 23. Bxg7 Qxg7 24. dxc6 e5 25. c7 Rc8 26. Qd3 1-0

[Event "SF Essen-Katernberg  1 - SV Mülheim-Nor"]
[Site "Oberliga NRW 2017/2018"]
[Date "2018.02.18"]
[Round "6.6"]
[White "Dahm, Bernd"]
[Black "Bus, Tom"]
[Result "1/2-1/2"]
[WhiteElo "2132"]
[BlackElo "2096"]
[PlyCount "35"]
[EventDate "2018.??.??"]
[WhiteTeam "SF Essen-Katernberg  1"]
[BlackTeam "SV Mülheim-Nord 2"]

1. c4 c5 2. g3 Nc6 3. Bg2 g6 4. Nc3 Bg7 5. a3 a5 6. e3 d6 7. Nge2 e5 8. O-O
Nge7 9. d3 O-O 10. Bd2 Rb8 11. Rb1 Be6 12. Nd5 b5 13. Nxe7+ Nxe7 14. cxb5 Rxb5
15. b4 axb4 16. axb4 cxb4 17. Rxb4 Rxb4 18. Bxb4 1/2-1/2

[Event "SF Essen-Katernberg  1 - SV Mülheim-Nor"]
[Site "Oberliga NRW 2017/2018"]
[Date "2018.02.18"]
[Round "6.7"]
[White "Krueger, Andre"]
[Black "Heldt, Maximilian"]
[Result "1/2-1/2"]
[WhiteElo "2004"]
[BlackElo "2100"]
[PlyCount "51"]
[EventDate "2018.??.??"]
[WhiteTeam "SV Mülheim-Nord 2"]
[BlackTeam "SF Essen-Katernberg  1"]

1. e4 c5 2. Nf3 Nc6 3. Bb5 g6 4. Bxc6 bxc6 5. O-O Bg7 6. Re1 e5 7. c3 Ne7 8. d4
cxd4 9. cxd4 exd4 10. Nxd4 O-O 11. Nc3 h6 12. Be3 d5 13. exd5 cxd5 14. Qd2 Kh7
15. Rad1 Bb7 16. Bf4 Qd7 17. Be5 Rfe8 18. Bxg7 Kxg7 19. Re5 f6 20. Re3 Nc6 21.
Rxe8 Rxe8 22. Nxc6 Qxc6 23. Qd4 Re7 24. f3 a6 25. Kf2 Qd6 26. Kg1 1/2-1/2

[Event "SF Essen-Katernberg  1 - SV Mülheim-Nor"]
[Site "Oberliga NRW 2017/2018"]
[Date "2018.02.18"]
[Round "6.8"]
[White "Kaeding, Rainer"]
[Black "Walter, Andreas"]
[Result "1/2-1/2"]
[WhiteElo "2129"]
[BlackElo "2122"]
[Annotator "Daniel"]
[PlyCount "144"]
[EventDate "2018.??.??"]
[WhiteTeam "SF Essen-Katernberg  1"]
[BlackTeam "SV Mülheim-Nord 2"]

1. e4 e5 2. Nf3 Nc6 3. Bc4 Bc5 4. c3 Nf6 5. d3 O-O 6. Bb3 d5 7. Qe2 h6 8. Nbd2
Re8 9. O-O Be6 10. Bc2 d4 11. Ba4 Bd7 12. Nc4 dxc3 13. bxc3 Bd6 14. h3 a6 15.
Bb3 Bc5 16. Be3 Bxe3 17. Nxe3 Nh5 18. Nd5 Na5 19. Bc2 c6 20. Ne3 Nf4 21. Qd1 c5
22. Re1 Nc6 23. Nd5 Ng6 24. d4 cxd4 25. cxd4 exd4 26. Nxd4 Nxd4 27. Qxd4 Bc6
28. Rad1 Qg5 29. Re3 Bxd5 30. Qxd5 Rad8 31. Qxg5 Rxd1+ 32. Bxd1 hxg5 33. Bb3
Rc8 34. g3 Kf8 35. Bd5 Rb8 36. Rc3 Ne7 37. Bb3 Nc6 38. Ba4 Rc8 39. Kg2 Ke7 40.
f4 gxf4 41. gxf4 Na7 42. Rxc8 Nxc8 43. e5 b5 44. Bb3 a5 45. Kf3 a4 46. Bd1 Nb6
47. Ke4 b4 48. Bc2 f6 49. exf6+ Kxf6 50. Kd4 g5 51. fxg5+ Kxg5 52. Kc5 b3 53.
Bxb3 axb3 54. axb3 Nc8 $11 55. b4 Na7 56. Kb6 Nc8+ 57. Kb7 Nd6+ 58. Kc6 Nc8 59.
Kc7 Na7 60. Kb7 Nb5 61. Kc6 Na7+ 62. Kb7 Nb5 63. Kb6 Nd6 64. Kc6 Nc8 65. Kc5
Na7 66. h4+ Kxh4 67. Kb6 Nc8+ 68. Kb7 Nd6+ 69. Kc7 Nb5+ 70. Kb6 Nd6 71. Kc6 Nc8
72. b5 Na7+ 1/2-1/2

[Event "SV Mülheim-Nord 2 - SV Wattenscheid 1"]
[Site "Oberliga NRW 2017/2018"]
[Date "2018.03.11"]
[Round "7.1"]
[White "Koscielski, Janusz"]
[Black "Warmerdam, Max"]
[Result "0-1"]
[WhiteElo "2280"]
[BlackElo "2389"]
[PlyCount "78"]
[EventDate "2018.??.??"]
[WhiteTeam "SV Wattenscheid 1"]
[BlackTeam "SV Mülheim-Nord 2"]

1. g3 d5 2. Bg2 Nf6 3. Nf3 Bf5 4. b3 e6 5. Bb2 h6 6. d3 Be7 7. Nbd2 c6 8. Ne5
Bh7 9. O-O O-O 10. e4 a5 11. a3 Nbd7 12. Qe2 Nxe5 13. Bxe5 Nd7 14. Bb2 Bf6 15.
e5 Be7 16. a4 b5 17. Kh1 Qb6 18. f4 bxa4 19. Rxa4 Nc5 20. Bd4 Qb5 21. Ra2 Na6
22. Ra4 Bc5 23. Nf3 Nb4 24. Bxc5 Qxc5 25. Ne1 Qc3 26. h3 Rab8 27. Rf2 Rb5 28.
Qd2 Qb2 29. Qd1 Qd4 30. Re2 Ra8 31. Qa1 Qxa1 32. Rxa1 a4 33. Rxa4 Rxa4 34. bxa4
Ra5 35. Kg1 Rxa4 36. Kf2 Ra1 37. Ke3 Rxe1 38. Rxe1 Nxc2+ 39. Kd2 Nxe1 0-1

[Event "SV Mülheim-Nord 2 - SV Wattenscheid 1"]
[Site "Oberliga NRW 2017/2018"]
[Date "2018.03.11"]
[Round "7.2"]
[White "Buckels, Valentin"]
[Black "Wengenroth, Walter"]
[Result "1-0"]
[WhiteElo "2314"]
[BlackElo "2250"]
[PlyCount "71"]
[EventDate "2018.??.??"]
[WhiteTeam "SV Mülheim-Nord 2"]
[BlackTeam "SV Wattenscheid 1"]

1. d4 d5 2. c4 e6 3. Nf3 Nf6 4. g3 Bb4+ 5. Bd2 Bxd2+ 6. Nbxd2 c6 7. Bg2 O-O 8.
O-O b6 9. Qc2 Bb7 10. Rfd1 Nbd7 11. e4 Rc8 12. e5 Ne8 13. cxd5 cxd5 14. Qd3 Qe7
15. Rac1 Nc7 16. h4 Ba6 17. Qe3 Qb4 18. h5 h6 19. Rc2 Nb5 20. Rdc1 Rxc2 21.
Rxc2 Rc8 22. a3 Qa4 23. Rxc8+ Bxc8 24. g4 f6 25. Bf1 fxe5 26. b3 Qa5 27. g5
Nxd4 28. Nxd4 Qxa3 29. gxh6 Qe7 30. Nc6 Qf6 31. Qg3 Bb7 32. Nd8 Qxh6 33. Nf3
Bc8 34. Nxe5 Qxh5 35. Ng6 Kh7 36. Nxe6 1-0

[Event "SV Mülheim-Nord 2 - SV Wattenscheid 1"]
[Site "Oberliga NRW 2017/2018"]
[Date "2018.03.11"]
[Round "7.3"]
[White "Franke, Johannes"]
[Black "van Osch, Mees"]
[Result "1/2-1/2"]
[WhiteElo "2265"]
[BlackElo "2265"]
[PlyCount "60"]
[EventDate "2018.??.??"]
[WhiteTeam "SV Wattenscheid 1"]
[BlackTeam "SV Mülheim-Nord 2"]

1. d4 Nf6 2. Bf4 g6 3. Nc3 d5 4. e3 Bg7 5. h4 h5 6. f3 c5 7. Qd2 cxd4 8. exd4
Nc6 9. Bb5 Bf5 10. Nge2 Rc8 11. Nd1 O-O 12. Ne3 Bd7 13. c3 Re8 14. Bxc6 bxc6
15. b4 Nh7 16. Be5 f6 17. Bg3 e5 18. O-O Nf8 19. Rae1 Ra8 20. dxe5 fxe5 21. f4
e4 22. Nd4 a5 23. a3 axb4 24. axb4 Bxd4 25. Qxd4 Ne6 26. Qd2 Ng7 27. Ra1 Qf6
28. b5 d4 29. cxd4 cxb5 30. f5 Nxf5 1/2-1/2

[Event "SV Mülheim-Nord 2 - SV Wattenscheid 1"]
[Site "Oberliga NRW 2017/2018"]
[Date "2018.03.11"]
[Round "7.4"]
[White "Kahleys, Kevin"]
[Black "Sandkamp, Ralph"]
[Result "1/2-1/2"]
[WhiteElo "2185"]
[BlackElo "2201"]
[PlyCount "257"]
[EventDate "2018.??.??"]
[WhiteTeam "SV Mülheim-Nord 2"]
[BlackTeam "SV Wattenscheid 1"]

1. d4 g6 2. Nf3 Nf6 3. g3 Bg7 4. c4 O-O 5. Bg2 d6 6. O-O c6 7. Nc3 Bf5 8. Ne1
e5 9. d5 c5 10. e4 Bc8 11. Nd3 Nfd7 12. a3 f5 13. f4 exf4 14. Bxf4 Bd4+ 15. Kh1
Ne5 16. Bxe5 dxe5 17. Nb5 fxe4 18. Rxf8+ Qxf8 19. Bxe4 Nd7 20. Qf3 Nf6 21. Nxd4
Bg4 22. Qg2 exd4 23. Bf3 Bf5 24. Nf2 g5 25. g4 Bg6 26. Re1 Re8 27. Qf1 Re3 28.
Nd1 Rxe1 29. Qxe1 Qe8 30. Qxe8+ Nxe8 31. b4 b6 32. Kg2 Kf7 33. Nb2 Nd6 34. Kf2
Kf6 35. bxc5 bxc5 36. Na4 Nxc4 37. Nxc5 Ke5 38. a4 Ne3 39. Nd7+ Kd6 40. Nf6 a5
41. h3 Bc2 42. Be4 Bxa4 43. Nxh7 Bb3 44. Nxg5 a4 45. Nf7+ Ke7 46. Ne5 a3 47.
Nc6+ Kd6 48. Nxd4 Ba4 49. Bb1 Nd1+ 50. Ke1 Nc3 51. Kd2 Nxb1+ 52. Kc1 Nc3 53.
Nc2 a2 54. Na1 Nd1 55. g5 Kxd5 56. g6 Ke6 57. h4 Kf6 58. h5 Kg7 59. Kd2 Nf2 60.
Kc1 Nd3+ 61. Kd2 Nf4 62. Kc3 Bd7 63. Kb2 Be6 64. Nc2 Nd3+ 65. Ka1 Kh6 66. Nd4
Bg8 67. Nb5 Nb4 68. Na3 Kxh5 69. g7 Kh6 70. Kb2 Kxg7 71. Ka1 Kf6 72. Kb2 Ke5
73. Ka1 Kd4 74. Kb2 Kd3 75. Ka1 Kc3 76. Nb1+ Kc2 77. Nc3 Kb3 78. Nxa2 Nxa2 79.
Kb1 Bc4 80. Ka1 Nb4 81. Kb1 Kc3 82. Ka1 Nc2+ 83. Kb1 Bd5 84. Kc1 Na3 85. Kd1
Nc4 86. Ke1 Be4 87. Kd1 Nb6 88. Kc1 Nd5 89. Kd1 Kb2 90. Kd2 Bc2 91. Ke2 Kc3 92.
Kf3 Bd3 93. Kg4 Kd4 94. Kg5 Ke5 95. Kh6 Kf6 96. Kh5 Kg7 97. Kg5 Bg6 98. Kg4 Kf6
99. Kf3 Ke5 100. Ke2 Kd4 101. Kd2 Be4 102. Kc1 Kc3 103. Kd1 Nf6 104. Ke2 Ng4
105. Kd1 Ne5 106. Ke2 Nc4 107. Kf2 Kd2 108. Kg3 Ke3 109. Kg4 Nd6 110. Kg5 Ne8
111. Kg4 Bh7 112. Kg5 Ke4 113. Kg4 Bf5+ 114. Kg5 Ke5 115. Kh6 Kf4 116. Kh5 Nc7
117. Kh6 Ne6 118. Kh5 Ke5 119. Kh6 Kf6 120. Kh5 Nd8 121. Kh6 Nf7+ 122. Kh5 Ke5
123. Kh4 Kf4 124. Kh5 Kf3 125. Kh4 Bg6 126. Kh3 Nd6 127. Kh4 Ne4 128. Kh3 Kf4
129. Kh4 1/2-1/2

[Event "SV Mülheim-Nord 2 - SV Wattenscheid 1"]
[Site "Oberliga NRW 2017/2018"]
[Date "2018.03.11"]
[Round "7.5"]
[White "Straeter, Timo"]
[Black "Bus, Tom"]
[Result "1/2-1/2"]
[WhiteElo "2305"]
[BlackElo "2096"]
[PlyCount "157"]
[EventDate "2018.??.??"]
[WhiteTeam "SV Wattenscheid 1"]
[BlackTeam "SV Mülheim-Nord 2"]

1. d4 Nf6 2. Nf3 g6 3. Bg5 Bg7 4. Nbd2 d5 5. e3 O-O 6. Bd3 Nbd7 7. O-O Re8 8.
c4 c5 9. cxd5 cxd4 10. Nxd4 Nxd5 11. Rc1 Ne5 12. Be2 h6 13. Bh4 a6 14. Qb3 Nf4
15. exf4 Qxd4 16. fxe5 Qxh4 17. f4 Be6 18. Qe3 Rac8 19. Nf3 Qh5 20. h3 Bxa2 21.
Ng5 Qxe2 22. Qxe2 hxg5 23. Qf3 gxf4 24. b3 Bxe5 25. Kh1 Bf6 26. Rfd1 Kg7 27.
Rxc8 Rxc8 28. Qxb7 Rc3 29. b4 Bc4 30. Qb8 f3 31. gxf3 Be2 32. Rd8 Bxf3+ 33. Kg1
Kh7 34. Rd2 Bg5 35. Rd8 Bf6 36. Rf8 Bd4+ 37. Kh2 Bd5 38. h4 Re3 39. Qe8 Re2+
40. Kh3 Bg2+ 41. Kg4 f5+ 42. Rxf5 gxf5+ 43. Kxf5 Be4+ 44. Kg4 Bg6 45. Qd7 Kh6
46. Kf3 Re3+ 47. Kg2 Re2+ 48. Kf1 Re4 49. Qc6 Bf6 50. Qxa6 Rxb4 51. h5 Rf4+ 52.
Kg2 Bxh5 53. Qc8 Kg7 54. Qc7 Rf5 55. Qd7 Bg6 56. Kg1 Kf7 57. Kg2 Kg7 58. Kg1
Rf4 59. Qe6 Be4 60. Qd7 Bf3 61. Qc7 Rg4+ 62. Kf2 Bd5 63. Ke2 Rg5 64. Qd7 Bf7
65. Ke3 e5 66. Ke4 Rg1 67. Kf3 Rf1+ 68. Ke2 Rf4 69. Qc7 Rc4 70. Qd7 Rd4 71. Qc7
Kg6 72. Qc8 Bd5 73. Qc2+ e4 74. Qc7 Be6 75. Qg3+ Bg5 76. Qe5 Bg4+ 77. Kf2 e3+
78. Kg3 Bf4+ 79. Kh4 1/2-1/2

[Event "SV Mülheim-Nord 2 - SV Wattenscheid 1"]
[Site "Oberliga NRW 2017/2018"]
[Date "2018.03.11"]
[Round "7.6"]
[White "Krueger, Andre"]
[Black "Koerber, Matthias"]
[Result "0-1"]
[WhiteElo "2004"]
[BlackElo "2195"]
[PlyCount "92"]
[EventDate "2018.??.??"]
[WhiteTeam "SV Mülheim-Nord 2"]
[BlackTeam "SV Wattenscheid 1"]

1. e4 c5 2. Nf3 d6 3. Bb5+ Nd7 4. O-O a6 5. Bd3 Ngf6 6. c3 Qc7 7. Bc2 d5 8. d3
e6 9. Qe2 dxe4 10. dxe4 Be7 11. a4 O-O 12. Na3 Rd8 13. Bg5 Nf8 14. e5 Nd5 15.
Bxe7 Qxe7 16. Nc4 Bd7 17. Rfd1 Bc6 18. Na5 Be8 19. Be4 Qc7 20. Nc4 Bc6 21. Qc2
Nf4 22. g3 N4g6 23. Re1 b5 24. axb5 axb5 25. Rxa8 Rxa8 26. Bxc6 Qxc6 27. Ncd2
Nd7 28. Qd3 h6 29. h4 Ra2 30. h5 Ne7 31. b3 Qd5 32. Qxd5 Nxd5 33. c4 bxc4 34.
bxc4 Nb4 35. Re3 Nc6 36. Kg2 Ncxe5 37. Nxe5 Rxd2 38. Nxd7 Rxd7 39. Re5 Rc7 40.
f4 Kf8 41. f5 Ke7 42. fxe6 fxe6 43. Kf3 Kd6 44. Re4 Rf7+ 45. Kg4 Rf1 46. Kh3
Rh1+ 0-1

[Event "SV Mülheim-Nord 2 - SV Wattenscheid 1"]
[Site "Oberliga NRW 2017/2018"]
[Date "2018.03.11"]
[Round "7.7"]
[White "Kaehmann, Joerg"]
[Black "Ozerov, Ilja"]
[Result "0-1"]
[WhiteElo "2135"]
[BlackElo "2181"]
[PlyCount "84"]
[EventDate "2018.??.??"]
[WhiteTeam "SV Wattenscheid 1"]
[BlackTeam "SV Mülheim-Nord 2"]

1. d4 f5 2. g3 Nf6 3. Bg2 g6 4. Nf3 Bg7 5. O-O O-O 6. Nbd2 d6 7. c3 Nc6 8. Re1
e5 9. Qb3+ Kh8 10. dxe5 dxe5 11. e4 f4 12. gxf4 Nh5 13. Ng5 Qf6 14. Ndf3 Nxf4
15. Bxf4 Qxf4 16. Ne6 Bxe6 17. Qxe6 g5 18. h3 Rf6 19. Qg4 Raf8 20. Qxf4 Rxf4
21. Re3 g4 22. hxg4 Rxg4 23. Nh2 Rgf4 24. f3 Rd8 25. Re2 Bf8 26. Ng4 h5 27. Ne3
Bc5 28. Rae1 Ne7 29. Kh2 Bxe3 30. Rxe3 Ng6 31. Kg3 Rf6 32. R3e2 Nf4 33. Rc2
Rg6+ 34. Kh2 Rgd6 35. Kg3 Rd2 36. Rxd2 Rxd2 37. Bf1 Kg7 38. Bc4 Kh6 39. Rh1 Kg5
40. Bf1 Ng6 41. Rg1 h4+ 42. Kh3+ Kh5 0-1

[Event "SV Mülheim-Nord 2 - SV Wattenscheid 1"]
[Site "Oberliga NRW 2017/2018"]
[Date "2018.03.11"]
[Round "7.8"]
[White "Grodotzki, Kenneth"]
[Black "Hirsch, Stefan"]
[Result "0-1"]
[WhiteElo "1985"]
[BlackElo "2139"]
[PlyCount "76"]
[EventDate "2018.??.??"]
[WhiteTeam "SV Mülheim-Nord 2"]
[BlackTeam "SV Wattenscheid 1"]

1. f4 d5 2. Nf3 c5 3. d3 Nc6 4. g3 Nf6 5. Bg2 g6 6. O-O Bg7 7. Qe1 d4 8. a4 Nd5
9. Na3 O-O 10. e4 dxe3 11. c3 Bf5 12. Bxe3 Bxd3 13. Bxc5 Bxf1 14. Qxf1 Nf6 15.
Re1 Re8 16. Ne5 Nxe5 17. fxe5 Nd7 18. e6 fxe6 19. Be3 Ne5 20. Bd4 Ng4 21. Bxg7
Kxg7 22. Nc4 Qc7 23. Re4 Qc5+ 24. Rd4 a5 25. Kh1 h5 26. Qe2 e5 27. Rd2 Rad8 28.
h3 Rxd2 29. Nxd2 Qf2 30. Qxf2 Nxf2+ 31. Kg1 Nd3 32. b3 Nc5 33. b4 axb4 34. cxb4
Nxa4 35. b5 Nc5 36. Nc4 e4 37. Kf2 Rd8 38. Ke2 Rd4 0-1

[Event "SK Münster 1 - SF Essen-Katernberg  1"]
[Site "Oberliga NRW 2017/2018"]
[Date "2018.03.11"]
[Round "7.1"]
[White "Siebrecht, Sebastian"]
[Black "Holtel, Jasper"]
[Result "1/2-1/2"]
[WhiteElo "2410"]
[BlackElo "2135"]
[PlyCount "74"]
[EventDate "2018.??.??"]
[WhiteTeam "SF Essen-Katernberg  1"]
[BlackTeam "SK Münster 1"]

1. d4 Nf6 2. Nf3 g6 3. b3 Bg7 4. Bb2 d5 5. e3 c5 6. dxc5 Qa5+ 7. Nbd2 Qxc5 8.
c4 O-O 9. Rc1 Nc6 10. a3 a5 11. Be2 Bf5 12. O-O Rad8 13. Qe1 Ne4 14. Bxg7 Kxg7
15. b4 axb4 16. Nb3 Qa7 17. cxd5 Rxd5 18. axb4 Nd6 19. Nfd4 Nxd4 20. Nxd4 Kg8
21. Rc7 Qb8 22. Rc5 Rxc5 23. bxc5 Ne4 24. Qb4 Rc8 25. Rc1 Qc7 26. Nb5 Qe5 27.
g4 Bd7 28. f4 Qd5 29. Bf3 Rxc5 30. Rd1 Rxb5 31. Rxd5 Rxb4 32. Rxd7 e6 33. g5
Rb1+ 34. Kg2 Rb2+ 35. Kg1 Rb1+ 36. Kg2 Rb2+ 37. Kg1 Rb1+ 1/2-1/2

[Event "SK Münster 1 - SF Essen-Katernberg  1"]
[Site "Oberliga NRW 2017/2018"]
[Date "2018.03.11"]
[Round "7.2"]
[White "Webb, Laurence"]
[Black "Tomic, Bosko"]
[Result "1-0"]
[WhiteElo "2255"]
[BlackElo "2355"]
[Annotator "Daniel"]
[PlyCount "115"]
[EventDate "2018.??.??"]
[WhiteTeam "SK Münster 1"]
[BlackTeam "SF Essen-Katernberg  1"]

1. d4 Nf6 2. c4 g6 3. Nc3 Bg7 4. e4 O-O 5. Nf3 d6 6. Be2 c5 7. d5 e6 8. O-O
exd5 9. exd5 Bg4 10. h3 Bxf3 11. Bxf3 Nbd7 12. Bf4 Ne8 13. Qd2 a6 14. Rab1 Qa5
15. Be2 Rb8 16. Ne4 Qxd2 17. Bxd2 f5 18. Ng5 Nc7 19. f4 Rfe8 20. Bd3 b5 21. Ba5
Nb6 22. b3 Re3 23. Rbd1 Nba8 24. Rfe1 Rbe8 25. Kf1 Bd4 26. Nf3 Bf6 27. Kf2 Rxe1
$11 28. Rxe1 Rxe1 29. Nxe1 b4 30. Nc2 Bb2 31. g4 fxg4 32. hxg4 Kf7 33. Kf3 Ne8
34. g5 Ng7 35. Bf1 Bc1 36. Ne1 Bb2 37. Nd3 Bd4 38. Bh3 Ke7 39. Ke4 Bg1 40. f5
gxf5+ 41. Bxf5 Nxf5 42. Kxf5 Bd4 43. Nf4 Kf7 44. Ne6 Be3 45. Nf4 Ke7 46. Nh5 h6
47. g6 Bd4 48. Nf4 Bb2 49. Ne6 Bc1 50. Bd8+ Ke8 51. Bf6 Nb6 52. g7 Kf7 53. Nd8+
Kg8 54. Ke6 Bg5 55. Bxg5 hxg5 56. Nf7 g4 57. Nh6+ Kxg7 58. Nxg4 1-0

[Event "SK Münster 1 - SF Essen-Katernberg  1"]
[Site "Oberliga NRW 2017/2018"]
[Date "2018.03.11"]
[Round "7.3"]
[White "Rosen, Bernd"]
[Black "Muschik, Benedikt"]
[Result "1/2-1/2"]
[WhiteElo "2245"]
[BlackElo "2209"]
[PlyCount "61"]
[EventDate "2018.??.??"]
[WhiteTeam "SF Essen-Katernberg  1"]
[BlackTeam "SK Münster 1"]

1. c4 g6 2. g3 Bg7 3. Bg2 e5 4. Nc3 d6 5. d3 f5 6. e3 Nf6 7. Nge2 a5 8. Rb1 Na6
9. a3 c6 10. b4 axb4 11. axb4 Bd7 12. O-O O-O 13. d4 e4 14. Qb3 Nc7 15. Na4 Be6
16. Qc2 b5 17. Nb6 Ra6 18. c5 dxc5 19. dxc5 Nfd5 20. Rd1 Qe8 21. Nd4 Nxb6 22.
cxb6 Rxb6 23. Qc5 Ra6 24. Qd6 Ba2 25. Rb2 Be5 26. Qc5 Bd5 27. Rbd2 Ne6 28. Nxe6
Qxe6 29. Bf1 Bd6 30. Qd4 Be5 31. Qc5 1/2-1/2

[Event "SK Münster 1 - SF Essen-Katernberg  1"]
[Site "Oberliga NRW 2017/2018"]
[Date "2018.03.11"]
[Round "7.4"]
[White "Wolter, Kai"]
[Black "Wessendorf, Thomas"]
[Result "0-1"]
[WhiteElo "2205"]
[BlackElo "2172"]
[PlyCount "100"]
[EventDate "2018.??.??"]
[WhiteTeam "SK Münster 1"]
[BlackTeam "SF Essen-Katernberg  1"]

1. e4 c5 2. Nf3 d6 3. d4 cxd4 4. Nxd4 Nf6 5. Nc3 g6 6. Be3 Bg7 7. f3 O-O 8. Qd2
Nc6 9. O-O-O d5 10. Nxc6 bxc6 11. Bh6 Be6 12. Bxg7 Kxg7 13. exd5 Bxd5 14. Na4
Qb8 15. c4 Be6 16. g3 Qe5 17. Qc3 Nd7 18. Be2 Qxc3+ 19. Nxc3 Nb6 20. b3 a5 21.
c5 Nd7 22. Na4 Bd5 23. Rhe1 Ra7 24. f4 Rb8 25. Kb2 e6 26. Rd4 Rab7 27. Red1 Kf6
28. Bc4 Rb4 29. Kc3 h6 30. Bxd5 exd5 31. Re1 R4b5 32. Kb2 Nxc5 33. Rc1 Nxa4+
34. Rxa4 c5 35. Rd1 Ke6 36. Re1+ Kd6 37. f5 gxf5 38. Rh4 c4 39. Rxh6+ Kc5 40.
Rf6 a4 41. Rxf5 axb3 42. a4 Ra5 43. Rd1 Kb4 44. Rdxd5 Rxd5 45. Rxd5 c3+ 46. Kc1
Re8 47. Kd1 Ka3 48. a5 Kb2 49. Rc5 c2+ 50. Kd2 Rd8+ 0-1

[Event "SK Münster 1 - SF Essen-Katernberg  1"]
[Site "Oberliga NRW 2017/2018"]
[Date "2018.03.11"]
[Round "7.5"]
[White "Kueppers, Timo"]
[Black "Chilla, Jan Eric"]
[Result "1-0"]
[WhiteElo "2148"]
[BlackElo "2153"]
[PlyCount "105"]
[EventDate "2018.??.??"]
[WhiteTeam "SF Essen-Katernberg  1"]
[BlackTeam "SK Münster 1"]

1. e4 e5 2. Nf3 d6 3. d4 Qe7 4. Nc3 c6 5. Be2 Nf6 6. O-O h6 7. a4 a5 8. h3 Qc7
9. Be3 Be7 10. Qd2 Nbd7 11. Nh2 g5 12. Rad1 Nf8 13. f3 Ng6 14. Bc4 Nf4 15. dxe5
dxe5 16. Qf2 Nd7 17. Rd2 b6 18. Rfd1 Nc5 19. b3 h5 20. Kf1 Rb8 21. Kg1 Rg8 22.
Kh1 Be6 23. Bxe6 Nfxe6 24. g3 f6 25. Qe2 Nd4 26. Qf2 Nce6 27. Ne2 Bc5 28. Nc1
Bb4 29. Rd3 Ba3 30. c3 Bxc1 31. Bxc1 Nxb3 32. Rd6 Nxc1 33. Rxe6+ Kf7 34. Rdd6
Kg7 35. Rxf6 Rbd8 36. Rg6+ Kf7 37. Rgf6+ Kg7 38. Rxc6 Rd1+ 39. Nf1 Qd7 40. Rg6+
Kf7 41. Rgf6+ Kg7 42. Kg2 Qd3 43. Ne3 Rb8 44. Nf5+ Kg8 45. Rg6+ Kf8 46. Rcf6+
Ke8 47. Rg8+ Kd7 48. Rg7+ Kc8 49. Rf8+ Qd8 50. Rxd8+ Rxd8 51. Ne7+ Kc7 52. Nd5+
Kd6 53. Qc2 1-0

[Event "SK Münster 1 - SF Essen-Katernberg  1"]
[Site "Oberliga NRW 2017/2018"]
[Date "2018.03.11"]
[Round "7.6"]
[White "Kamp, Christoph"]
[Black "Dahm, Bernd"]
[Result "1/2-1/2"]
[WhiteElo "2209"]
[BlackElo "2132"]
[PlyCount "49"]
[EventDate "2018.??.??"]
[WhiteTeam "SK Münster 1"]
[BlackTeam "SF Essen-Katernberg  1"]

1. c4 c5 2. Nf3 Nc6 3. d4 cxd4 4. Nxd4 Nf6 5. Nc3 e6 6. a3 a6 7. e4 Qc7 8. Be3
d6 9. Rc1 Ne5 10. Be2 Be7 11. O-O O-O 12. h3 b6 13. f4 Ned7 14. Bf3 Bb7 15. b3
Rac8 16. f5 e5 17. Nde2 Qb8 18. g4 h6 19. a4 Bc6 20. Ng3 b5 21. axb5 axb5 22.
Nd5 Bxd5 23. cxd5 Rxc1 24. Qxc1 Rc8 25. Qd2 1/2-1/2

[Event "SK Münster 1 - SF Essen-Katernberg  1"]
[Site "Oberliga NRW 2017/2018"]
[Date "2018.03.11"]
[Round "7.7"]
[White "Heldt, Maximilian"]
[Black "Bolwerk, Peter"]
[Result "0-1"]
[WhiteElo "2100"]
[BlackElo "2122"]
[PlyCount "100"]
[EventDate "2018.??.??"]
[WhiteTeam "SF Essen-Katernberg  1"]
[BlackTeam "SK Münster 1"]

1. c4 Nf6 2. g3 g6 3. Bg2 Bg7 4. e4 d6 5. Ne2 O-O 6. O-O e5 7. Nbc3 c6 8. d4
Nbd7 9. Rb1 Re8 10. b3 Nf8 11. Ba3 Ne6 12. d5 Nd4 13. f3 c5 14. Nxd4 exd4 15.
Ne2 Qa5 16. Bc1 Qxa2 17. Bf4 Qa6 18. Qd3 Qb6 19. Kh1 Qc7 20. b4 b6 21. Nc1 Nd7
22. Nb3 Ba6 23. Ra1 Bb7 24. Bh3 Ne5 25. Bxe5 dxe5 26. bxc5 bxc5 27. Ra5 Bf8 28.
f4 Bc8 29. Bg2 Rb8 30. Ra2 Bg7 31. fxe5 Bxe5 32. Na5 Bd7 33. Qf3 Rf8 34. Qd3
Rb4 35. Rfa1 Rfb8 36. Nc6 Bxc6 37. dxc6 Qxc6 38. Rxa7 Rb3 39. Qf1 R8b7 40. R7a6
R3b6 41. R6a3 Rb4 42. Ra6 R4b6 43. R6a3 Kg7 44. Rf3 Rb4 45. h4 Qd6 46. Kh2 Qd8
47. Kh1 Qb8 48. Kh2 Rb3 49. Qf2 Rxf3 50. Bxf3 Rb2 0-1

[Event "SK Münster 1 - SF Essen-Katernberg  1"]
[Site "Oberliga NRW 2017/2018"]
[Date "2018.03.11"]
[Round "7.8"]
[White "Rott, Georg"]
[Black "Gorainow, Nikita"]
[Result "1-0"]
[WhiteElo "2127"]
[BlackElo "1912"]
[PlyCount "101"]
[EventDate "2018.??.??"]
[WhiteTeam "SK Münster 1"]
[BlackTeam "SF Essen-Katernberg  1"]

1. e4 c5 2. Nf3 Nc6 3. Bb5 g6 4. Bxc6 bxc6 5. d3 Bg7 6. O-O e5 7. Bg5 Ne7 8.
Qc1 O-O 9. Bh6 d6 10. Qg5 f6 11. Qh4 g5 12. Qh5 Ng6 13. g3 Bd7 14. Bxg7 Kxg7
15. Nfd2 Rb8 16. b3 d5 17. Qe2 h5 18. Nc3 Be6 19. Na4 Qe7 20. c4 d4 21. Qd1 g4
22. f3 gxf3 23. Nxf3 Bg4 24. Qe1 h4 25. Qa5 hxg3 26. hxg3 Rh8 27. Qxc5 Qd7 28.
Nh2 Be2 29. Rf2 Bxd3 30. Qa5 Rbf8 31. Nc5 Qh3 32. Rg2 Bxe4 33. Nxe4 Qf5 34. Re1
Rf7 35. Nd6 Qd7 36. Nxf7 Kxf7 37. c5 Ne7 38. Nf3 Kg7 39. Nh4 Nd5 40. Qd2 Qg4
41. Qd3 Ne3 42. Rxe3 dxe3 43. Nf5+ Kg8 44. Qd8+ Kh7 45. Qd7+ Kg6 46. Nh4+ Kh5
47. Qf7+ Kh6 48. Qxf6+ Kh7 49. Qf7+ Kh6 50. Nf5+ Kg5 51. Nxe3 1-0

[Event "SV Dinslaken 1 - Oberhausener SV 1"]
[Site "Oberliga NRW 2017/2018"]
[Date "2018.03.11"]
[Round "7.1"]
[White "Hort, Vlastimil"]
[Black "Sielecki, Christof"]
[Result "1-0"]
[WhiteElo "2391"]
[BlackElo "2384"]
[Annotator "Daniel"]
[PlyCount "49"]
[EventDate "2018.??.??"]
[WhiteTeam "Oberhausener SV 1"]
[BlackTeam "SV Dinslaken 1"]

1. f4 d5 2. Nf3 g6 3. g3 Bg7 4. Bg2 Nf6 5. d3 O-O 6. O-O b6 7. c3 c5 8. Nbd2
Ba6 9. a3 Qc7 10. Rb1 Nbd7 11. b4 c4 12. b5 Bb7 13. Nd4 e5 14. fxe5 Nxe5 15.
N2f3 Ned7 16. Ng5 Nc5 17. Rf4 Rae8 18. Qf1 Nh5 19. Rf3 Qe7 20. Nh3 Nd7 21. g4
Nhf6 22. Nf2 h5 23. gxh5 Nxh5 24. Bd2 Ne5 25. Rh3 {Rest nicht nachvollziehbar!}
1-0